Proceedings of the Annual Congress of the National Prison Association of the United States (Record no. 160500)

MARC details
000 -LEADER
campo de control de longitud fija 00687nam a2200157 i 4500
001 - NÚMERO DE CONTROL
campo de control 160500
003 - IDENTIFICADOR DE NÚMERO DE CONTROL
campo de control ES-MaACL
005 - FECHA Y HORA DE LA ÚLTIMA TRANSACCIÓN
campo de control 20230906212043.0
008 - DATOS DE LONGITUD FIJA--INFORMACIÓN GENERAL
campo de control de longitud fija 041122s1890 xxu |||| | eng d
110 2# - ENTRADA PRINCIPAL--NOMBRE DE ENTIDAD CORPORATIVA
Nombre de entidad corporativa o nombre de jurisdicción como elemento de entrada National Prison Association of the United States.
Unidad subordinada Congress (
Fecha del congreso o de la firma del tratado 1889.
Sede del congreso/Lugar de la reunión Hashville)
9 (RLIN) 134715
245 10 - MENCIÓN DEL TÍTULO
Título Proceedings of the Annual Congress of the National Prison Association of the United States
Resto del título : heald at Nashville, November 16-20, 1889.
260 ## - PUBLICACIÓN, DISTRIBUCIÓN, ETC.
Lugar de publicación, distribución, etc. Chicago :
Nombre del editor, distribuidor, etc. [s.n.],
Fecha de publicación, distribución, etc. 1890 (
Fabricante Knight & Leonard Co.)
300 ## - DESCRIPCIÓN FÍSICA
Extensión 330, [2] p. ;
Dimensiones 23 cm.
650 #4 - PUNTO DE ACCESO ADICIONAL DE MATERIA--TÉRMINO DE MATERIA
Término de materia o nombre geográfico como elemento de entrada Establecimientos penitenciarios-
Subdivisión geográfica Estados Unidos.
9 (RLIN) 12516
852 ## - LOCALIZACIÓN
Ubicación ES-MaACL
Número de control de estantería D-194
Nota libre - Enc. tela
-- . - Donativo Lastres
Holdings
Estatus retirado Estado de pérdida Estado de daño No para préstamo Colección Biblioteca de origen Biblioteca actual Ubicación en estantería Fecha de adquisición Fuente de adquisición Total de préstamos Signatura topográfica completa Código de barras Visto por última vez Precio de reemplazo Tipo de ítem Koha
        Libros del s. XIX Biblioteca del Ateneo de Madrid Biblioteca del Ateneo de Madrid Sala Valle Inclán 17/01/2008     D-194 901168055 23/02/2023 23/02/2023 Libro impreso antiguo